| 000 | 02647cam a2200289 i 4500 | ||
|---|---|---|---|
| 001 | a38671834 | ||
| 003 | SIRSI | ||
| 005 | 20250923114526.0 | ||
| 008 | 200124t20202020enka e b 001 0 eng | ||
| 020 |
_a9781472969125 _q(pbk.) |
||
| 035 | _a(OCoLC)1140552970 | ||
| 040 |
_aAU@ _beng _erda _cAU@ _dOCLCO _dIEP _dOCLCF _dNZAUC _dCLE _dJTH _dOCLCQ _dOCLCO _dBNG _dUtOrBLW |
||
| 050 | 4 |
_aGE196 _b.G35 2020 |
|
| 100 |
_aGale, Jen, _eauthor. _925754 |
||
| 245 | 1 | 4 |
_aThe sustainable(ish) living guide _b: everything you need to know to make small changes that make a big difference _c/ Jen Gale. |
| 264 | 1 |
_aLondon : _bGreen Tree, _c2020. |
|
| 264 | 4 | _c©2020 | |
| 300 |
_a296 pages : _billustrations ; _c24 cm |
||
| 504 | _aIncludes bibliographical references and index. | ||
| 505 | 0 | _aConscious consumption — Zero waste(ish) — Plastic free(ish) — Sustainable(ish) food — Sustainable(ish) fashion — Sustainable(ish) family — Sustainable(ish) home — Sustainable(ish) work — Sustainable(ish) school — Sustainable(ish) travel and transport — Sustainable(ish) celebrations — Activism(ish). | |
| 520 | _aEasy, do-able, down to earth ideas and suggestions for everyone to help save the planet. If you want to save the planet, but your to-do list is already pretty long and remembering your re-usable coffee cup feels like a Herculean task, then this is the book for you. Covering every aspect of our lives from the stuff we buy and the food we eat, to how we travel, work, and celebrate. This book provides stacks of practical, down to earth ideas to slot into your daily life, alongside a gentle kick up the butt to put your newfound knowledge into action. Practical tips include unsubscribing from all the tempting emails that drop into your inbox with details of the newest clothing range or the latest sale, and keeping a mug next to your kettle to work out how much water you actually need to boil each time, as over filling kettles costs British households 68 million pounds on energy bills each year. Find out how to fit "sustainable living" into your life, in a way that works for you. Change your impact without radically changing your life and figure out the small steps you can make that will add up to make a big difference (halo not included) | ||
| 650 | 0 |
_aSustainable living _0http://id.loc.gov/authorities/subjects/sh2007000494 _910807 |
|
| 650 | 0 |
_aSustainability _0http://id.loc.gov/authorities/subjects/sh2009000375 _95153 |
|
| 650 | 0 |
_aSelf-reliant living _0http://id.loc.gov/authorities/subjects/sh2004014504 _925750 |
|
| 650 | 0 |
_aEnvironmentalism _0http://id.loc.gov/authorities/subjects/sh93004752 _912143 |
|
| 942 | _2lcc | ||
| 999 |
_c4857 _d4857 |
||